Corporate Financial Distress and Bankruptcy (notice n° 1554665)

détails MARC
000 -LEADER
fixed length control field 01429cam a2200289zu 4500
003 - CONTROL NUMBER IDENTIFIER
control field FRCYB10236443
005 - DATE AND TIME OF LATEST TRANSACTION
control field 20251020123558.0
008 - FIXED-LENGTH DATA ELEMENTS--GENERAL INFORMATION
fixed length control field 251020s2005 fr | o|||||0|0|||eng d
020 ## - INTERNATIONAL STANDARD BOOK NUMBER
International Standard Book Number 9780471691891
035 ## - SYSTEM CONTROL NUMBER
System control number FRCYB10236443
040 ## - CATALOGING SOURCE
Original cataloging agency FR-PaCSA
Language of cataloging en
Transcribing agency
Description conventions rda
100 1# - MAIN ENTRY--PERSONAL NAME
Personal name Altman, Edward I.
245 01 - TITLE STATEMENT
Title Corporate Financial Distress and Bankruptcy
Remainder of title Predict and Avoid Bankruptcy, Analyze and Invest in Distressed Debt
Statement of responsibility, etc. ['Altman, Edward I.', 'Hotchkiss, Edith']
264 #1 - PRODUCTION, PUBLICATION, DISTRIBUTION, MANUFACTURE, AND COPYRIGHT NOTICE
Name of producer, publisher, distributor, manufacturer John Wiley & Sons
Date of production, publication, distribution, manufacture, or copyright notice 2005
300 ## - PHYSICAL DESCRIPTION
Extent p.
336 ## - CONTENT TYPE
Content type code txt
Source rdacontent
337 ## - MEDIA TYPE
Media type code c
Source rdamdedia
338 ## - CARRIER TYPE
Carrier type code c
Source rdacarrier
520 ## - SUMMARY, ETC.
Summary, etc. A comprehensive look at the enormous growth and evolution of distressed debt, corporate bankruptcy, and credit risk default This Third Edition of the most authoritative finance book on the topic updates and expands its discussion of corporate distress and bankruptcy, as well as the related markets dealing with high-yield and distressed debt, and offers state-of-the-art analysis and research on the costs of bankruptcy, credit default prediction, the post-emergence period performance of bankrupt firms, and more.
650 #0 - SUBJECT ADDED ENTRY--TOPICAL TERM
Topical term or geographic name entry element
700 0# - ADDED ENTRY--PERSONAL NAME
Personal name Altman, Edward I.
700 0# - ADDED ENTRY--PERSONAL NAME
Personal name Hotchkiss, Edith
856 40 - ELECTRONIC LOCATION AND ACCESS
Access method Cyberlibris
Uniform Resource Identifier <a href="https://international.scholarvox.com/netsen/book/10236443">https://international.scholarvox.com/netsen/book/10236443</a>
Electronic format type text/html
Host name

Pas d'exemplaire disponible.

PLUDOC

PLUDOC est la plateforme unique et centralisée de gestion des bibliothèques physiques et numériques de Guinée administré par le CEDUST. Elle est la plus grande base de données de ressources documentaires pour les Étudiants, Enseignants chercheurs et Chercheurs de Guinée.

Adresse

627 919 101/664 919 101

25 boulevard du commerce
Kaloum, Conakry, Guinée

Réseaux sociaux

Powered by Netsen Group @ 2025